German Adjectives - Statistics

General Stats
  • This quiz has been taken 124 times
  • The average score is 64 of 105
Answer Stats
Hint Answer % Correct
Gut good
94%
Alt old
94%
Jung young
94%
Groß big
91%
Kalt cold
91%
Frei free
91%
Freundlich friendly
89%
Heiß hot
89%
Aktiv active
88%
Orange orange
88%
Rot red
88%
Weiß white
88%
Schwarz black
86%
Hungrig hungry
86%
Klein small
86%
Unfreundlich unfriendly
86%
Braun brown
85%
Schnell fast
85%
Grau grey
85%
Sonnig sunny
85%
Blau blue
83%
Lang long
83%
Rosa pink
83%
Süß sweet
83%
Gelb yellow
83%
Aggressiv aggressive
82%
Teuer expensive
82%
Grün green
82%
Spät late
82%
Richtig right
82%
Falsch wrong
82%
Schlecht bad
80%
Laut loud
80%
Windig windy
80%
Beste best
78%
Kurz short
78%
Besser better
77%
Billig cheap
77%
Dunkel dark
77%
Früh early
77%
Lila purple
77%
Langsam slow
75%
Fett fat
74%
Fröhlich | Glücklich happy
74%
Hart hard
74%
Stark strong
74%
Bitter bitter
72%
Krank sick
72%
Gesund healthy
71%
Motiviert motivated
71%
Reich rich
71%
Allein alone
68%
Frisch fresh
68%
Letzte last
68%
Regnerisch rainy
68%
Hoch high
66%
Traurig sad
66%
Müde tired
65%
Dünn thin
63%
Hell bright
62%
Sauber clean
62%
Arm poor
60%
Schön pretty
60%
Hässlich ugly
60%
Gefährlich dangerous
58%
Einfach simple
58%
Dick thick
55%
Dumm dumb
54%
Demotiviert unmotivated
54%
Schwach weak
54%
Bewölkt cloudy
52%
Leise quiet
51%
Nass wet
51%
Trocken dry
46%
Ungefährlich safe
46%
Weich soft
46%
Ehrlich honest
45%
Faul lazy
45%
Eng tight/ narrow
43%
Dreckig dirty
42%
Tief low
42%
Wach awake
40%
Giftig poisonous
40%
Schlau smart
40%
Bequem comfortable
35%
Gerade straight
34%
Abhängig dependent
32%
Abenteuerlich adventurous
31%
Ähnlich similar
31%
Eben even
28%
Ernst serious
28%
Ahnungslos clueless
23%
Breit broad
20%
Glatt smooth
20%
Begabt talented
20%
Aalglatt slippery
17%
Rau rough
15%
Ungiftig nonpoisonous
11%
Fleißig dilligent
9%
Schwül humid
9%
Krumm crooked
8%
Gierig greedy
8%
Bestimmt special
6%
Schief uneven/ disordered
6%
No matching quizzes found
Score Distribution
Percent of People with Each Score
Percentile by Number Answered
Your Score History
You have not taken this quiz